000 00516nam a2200181Ia 4500
005 20250508150323.0
008 008 250505s9999 xx 000 0 eng d
037 _aTextual
040 _aFEDL
_beng
_cFEDL
041 _aeng
_2eng
084 _a194.9, SCH
_qFEDL
100 _aScharfstein Ben - Ami
_9415427
245 0 _aRoots of Bergson's philosophy
260 _aNew York, USA
_bColumbia University Press
_c1943
300 _aviii,156p
942 _cTEXL
_h194.9, SCH
999 _c1322984
_d1322984